LEADER 05148nam 22006253u 450 001 9910464773203321 005 20210111141700.0 010 $a1-118-70779-6 035 $a(CKB)3710000000117846 035 $a(EBL)1694750 035 $a(SSID)ssj0001295077 035 $a(PQKBManifestationID)11690013 035 $a(PQKBTitleCode)TC0001295077 035 $a(PQKBWorkID)11336535 035 $a(PQKB)11065030 035 $a(JP-MeL)3000029333 035 $a(MiAaPQ)EBC1694750 035 $a(EXLCZ)993710000000117846 100 $a20140602d2014|||| u|| | 101 0 $aeng 135 $aur|n|---||||| 181 $ctxt 182 $cc 183 $acr 200 10$aSocial Media Design For Dummies$b[electronic resource] 210 $aHoboken $cWiley$d2014 215 $a1 online resource (355 p.) 300 $aDescription based upon print version of record. 311 $a1-118-70781-8 327 $aContents at a Glance; Table of Contents; Introduction; About This Book; Icons Used in This Book; Beyond the Book; Where to Go from Here; Part I: Getting Started with Social Media Design; Chapter 1: Creating a Consistent Design for All Your Social Sites; Choosing the Best Social Media Sites; Spreading the Love with Social Media Share Buttons; Using Social Bookmarking Sites; Gathering Ideas for Your Social Media Designs; Chapter 2: Checking Out Design Tools; Finding the Social Media Design That Fits; Finding the Right Design Tool; Creating and Optimizing Web Graphics 327 $aWorking with Easy Drawing ToolsChapter 3: Advanced Design Concepts; Using Free Photo-Editing Software; Extracting a Subject from a Photo; Combining Images to Create Collages; Part II: Creating Designs on the Top Social Sites; Chapter 4: Fashioning a Fantastic Facebook Profile; Looking Good on Facebook; Admiring Inspiring Facebook Designs; Following Facebook Design Rules; Creating Your Own Profile Design; Chapter 5: Polishing Your Look on a Facebook Page; Getting Professional with Pages; Inspiring Business Designs on Facebook; Adding a Facebook Tab; Keeping Branding Consistent with Pages 327 $aChapter 6: Tweaking Your Twitter ProfileComparing Twitter Image Options; Uploading Profile Photos; Adding a Header Image to the Top of Your Twitter Profile; Adding Background Images; Changing Twitter Profile Photos; Chapter 7: Channeling Your Look on YouTube; Launching Your Own YouTube Channel; Planning Your Channel; Enjoying Eye-Catching YouTube Channel Designs; Customizing Your YouTube Channel; Activating Other Account Features; Crafting a Custom Thumbnail for Your Videos; Part III: Extending Your Social Reach; Chapter 8: Upscaling Your LinkedIn Profile; Introducing Yourself on LinkedIn 327 $aCreating a LinkedIn ProfileWriting a Great Biography; Putting Your Best Face Forward; Enhancing Your LinkedIn Profile; Chapter 9: Generating a Google+ Profile; Creating One Design, Multiple Platforms; Managing Your Google+ Circles; Reviewing Google+ Profile Designs; Creating a Great Google+ Profile; Chapter 10: Setting Up Pinterest Boards; Inspiring Pinterest Profiles; Creating and Editing Your Pinterest Profile; Creating Pinterest Pins and Boards; Chapter 11: Creating a Flickr Presence; Designing a Flickr Cover Photo; Setting Your Flickr Buddy Icon; Part IV: Integrating Your Social Networks 327 $aChapter 12: Compiling a Tumblr PageWhen Is Tumblr Right for You?; Comparing Inspiring Tumblr Designs; Changing the Background on Tumblr; Making an Animated GIF for Tumblr; Chapter 13: Aggregating Profiles with a RebelMouse Page; Checking Out What You Can Do on RebelMouse; Assembling the Content for Your RebelMouse Page; Customizing Your RebelMouse Page Design; Part V: The Part of Tens; Chapter 14: Ten Social Media Management Tools; Chapter 15: Ten Social Media Analytics Tools; Chapter 16: Ten Ways to Build Social Media Engagement; Index; About the Authors 330 $a Learn to design professional and effective social media profiles! Whether you're trying to attract a new employer or get new fans to notice your brand, your social media profiles need to distinguish you from the masses. Packed with the secrets behind the hottest Facebook timelines, Twitter backgrounds, and LinkedIn profiles, this fun-but-straightforward guide shows you how to create eye-catching social media profiles with a professional, cohesive design. Includes online resources and downloadable templates that allow you to make your own profiles quick and easy< 606 $aDesign and technology 606 $aDigital media -- Design 606 $aSocial media -- Design 606 $aSocial media 608 $aElectronic books. 615 4$aDesign and technology. 615 4$aDigital media -- Design. 615 4$aSocial media -- Design. 615 4$aSocial media. 676 $a004.01 676 $a004.019 700 $aWarner$b Janine$0897520 701 $aLaFontaine$b David$0897521 801 0$bAU-PeEL 801 1$bAU-PeEL 801 2$bAU-PeEL 906 $aBOOK 912 $a9910464773203321 996 $aSocial Media Design For Dummies$92005248 997 $aUNINA LEADER 03889nam 2201261zu 450 001 996248293003316 005 20210807005202.0 010 $a0-231-51223-6 024 7 $a2027/heb99023 035 $a(CKB)3780000000081619 035 $a(SSID)ssj0000714122 035 $a(PQKBManifestationID)11374818 035 $a(PQKBTitleCode)TC0000714122 035 $a(PQKBWorkID)10664324 035 $a(PQKB)10604315 035 $a(dli)HEB99023 035 $a(MiU)MIU01000000000000009546586 035 $a(EXLCZ)993780000000081619 100 $a20160829d2011 uy 101 0 $aeng 135 $aurmnummmmuuuu 181 $ctxt 182 $cc 183 $acr 200 10$aPestilence and headcolds : encountering illness in colonial Mexico 205 $aACLS Humanities E-Book electronic edition. 210 31$a[Place of publication not identified]$cColumbia University Press$d2011 215 $a1 online resource $cill 225 0 $a[Gutenberg (e)] Pestilence and headcolds 300 $aBibliographic Level Mode of Issuance: Monograph 320 $aIncludes bibliographical references. 327 $aPestilence and headcolds -- Doctors, bleeders, and virgins -- The whole of our flesh -- Managing the humors -- Encountering illness. 410 0$aACLS Gutenberg-e series. 517 $aPestilence and Headcolds 606 $aMedicine$xHistory$zMexico 606 $aImperialism$xHistory$xHealth aspects$zMexico 606 $aSocial medicine$xHistory$zMexico 606 $aCulture 606 $aHealth Occupations 606 $aPolitical Systems 606 $aReligion 606 $aSociology 606 $aHumanities 606 $aDelivery of Health Care 606 $aAttitude 606 $aAnthropology, Cultural 606 $aSocial Sciences 606 $aOccupations 606 $aHealth Care Quality, Access, and Evaluation 606 $aBehavior and Behavior Mechanisms 606 $aPsychology 606 $aHealth Care 606 $aAnthropology 606 $aBehavioral Sciences 606 $aBehavioral Disciplines and Activities 606 $aColonialism 606 $aHistory 606 $aReligion and Medicine 606 $aCultural Diversity 606 $aEthnology 606 $aHistory, Modern 1601- 606 $aAttitude to Health 606 $aSociology, Medical 606 $aMedicine$2HILCC 606 $aHealth & Biological Sciences$2HILCC 606 $aHistory of Medicine$2HILCC 607 $aNorth America 607 $aAmericas 607 $aMexico 615 0$aMedicine$xHistory 615 0$aImperialism$xHistory$xHealth aspects 615 0$aSocial medicine$xHistory 615 2$aCulture 615 2$aHealth Occupations 615 2$aPolitical Systems 615 2$aReligion 615 2$aSociology 615 2$aHumanities 615 2$aDelivery of Health Care 615 2$aAttitude 615 2$aAnthropology, Cultural 615 2$aSocial Sciences 615 2$aOccupations 615 2$aHealth Care Quality, Access, and Evaluation 615 2$aBehavior and Behavior Mechanisms 615 2$aPsychology 615 2$aHealth Care 615 2$aAnthropology 615 2$aBehavioral Sciences 615 2$aBehavioral Disciplines and Activities 615 2$aColonialism 615 2$aHistory 615 2$aReligion and Medicine 615 2$aCultural Diversity 615 2$aEthnology 615 2$aHistory, Modern 1601- 615 2$aAttitude to Health 615 2$aSociology, Medical 615 7$aMedicine 615 7$aHealth & Biological Sciences 615 7$aHistory of Medicine 676 $a362.10972 700 $aFields$b Sherry Lee$0704665 801 0$bPQKB 906 $aBOOK 912 $a996248293003316 996 $aPestilence and headcolds$91353547 997 $aUNISA